[Event "Chess Masters 3rd"]
[Site "Enghien-les-Bains"]
[Date "1999.03.09"]
[Round "6"]
[White "Tkachiev, Vladislav"]
[Black "Lautier, Joel"]
[Result "1/2-1/2"]
[WhiteElo "2634"]
[BlackElo "2596"]

1.d4 Nf6 2.c4 e6 3.Nf3 b6 4.a3 Bb7 5.Nc3 d5 6.cxd5 Nxd5 7.e3 g6 8.Bb5+ c6
9.Ba4 Bg7 10.O-O O-O 11.e4 Nxc3 12.bxc3 c5 13.Bg5 Qd6 14.e5 Qd5 15.Bb3 Qd7
16.h4 cxd4 17.cxd4 Rc8 18.h5 Rc3 19.h6 Bf8 20.Nh2 Nc6 21.d5 exd5 22.Ng4 Qf5
23.Bd2 Rc5 24.Re1 Nd4 25.Ba4 Ne6 26.Bb4 d4 27.Bxc5 Bxc5 28.Bc2 Qg5 29.Be4 Bxe4
30.Rxe4 Rd8 31.Qf3 Qe7 32.Qd3 Kh8 33.Ree1 Qb7 34.Rac1 Qxg2+ 35.Kxg2 Nf4+
36.Kf1 Nxd3 37.Ra1 Nxe1 38.Kxe1 Rc8 39.Kd2 Be7 40.Kd3 Kg8 41.Kxd4 Kf8 42.a4 Bg5
43.Rb1 Ke7 44.a5 Rc6 45.f3 Ke6 46.axb6 axb6 47.Ke4 Be7 48.Ne3 Bd8 49.f4 Rc5
50.Rd1 Bc7 51.Nd5 f5+ 52.exf6 Bd8 53.Ne7 Bxe7 54.fxe7 Kxe7 55.Ra1 Kd6 56.Ra6 Rc4+
57.Kd3 Rc6 58.Ra8 Rc7 59.Rf8 b5 60.f5 Ke7 61.Rh8 Kf6 62.fxg6 Kxg6 63.Rb8 Rc5
64.Rb6+ Kg5 65.Kd4 Rf5 66.Ke4 Rc5 67.Kd4 Rc4+ 68.Kd5 Rf4 69.Rxb5 Kxh6 70.Ke5 Kg5
71.Rb8 Ra4 72.Rg8+ Kh4 73.Rg1 h5 74.Kf5 Ra5+ 75.Kf4 Kh3 76.Kf3 Rf5+ 77.Ke2 h4
78.Rf1 Ra5 79.Rf8 Kg2 80.Rg8+ Kh2 81.Kf2 Rf5+ 82.Ke1 Rf3 83.Ke2 Rg3 84.Rh8 Rg4
85.Kf2 Rf4+ 86.Ke2 Kg3 87.Rg8+ Rg4 88.Rxg4+  1/2-1/2

[Event "Chess Masters 3rd"]
[Site "Enghien-les-Bains"]
[Date "1999.03.10"]
[Round "7"]
[White "Bacrot, Etienne"]
[Black "Beliavsky, Alexander G"]
[Result "1-0"]
[WhiteElo "2561"]
[BlackElo "2650"]

1.d4 Nf6 2.c4 e6 3.Nf3 b6 4.a3 Bb7 5.Nc3 d5 6.Bg5 Be7 7.Qa4+ Bc6 8.Qb3 dxc4
9.Qxc4 O-O 10.Bxf6 Bxf6 11.e4 Bb7 12.e5 Be7 13.Rd1 c6 14.h4 Na6 15.Ng5 Nc7
16.Qd3 g6 17.Qg3 h6 18.Nge4 Nd5 19.f4 Kg7 20.h5 g5 21.fxg5 Bxg5 22.Nxd5 cxd5
23.Nxg5 Qxg5 24.Qxg5+ hxg5 25.h6+ Kh8 26.Rc1 Rac8 27.Rxc8 Bxc8 28.Bd3 f5
29.exf6 Rxf6 30.Rh5 Rf4 31.Rxg5 Rxd4 32.Ke2 Rf4 33.Ke3 Rf6 34.h7 Rf8 35.Kd4 a6
36.Ke5 Bd7 37.Bb1 Bb5 38.Kxe6 d4 39.Ke7 Rb8 40.Rd5 Re8+ 41.Kf7 Bc4 42.Kxe8 Bxd5
43.g4  1-0

[Event "Bucharest TIT"]
[Site "Bucharest"]
[Date "1999.03.14"]
[Round "14"]
[White "Solcanean, Serghei"]
[Black "Burnoiu, Costel"]
[Result "1/2-1/2"]
[WhiteElo "2260"]
[BlackElo "2316"]

1.d4 Nf6 2.Nf3 e6 3.c4 b6 4.a3 Bb7 5.Nc3 d5 6.cxd5 Nxd5 7.Qc2 Be7 8.e4 Nf6
9.Bb5+ c6 10.Bd3 h6 11.Qe2 Nbd7 12.e5 Nd5 13.Nxd5 cxd5 14.O-O a5 15.Bd2 O-O
16.Rac1 Nb8 17.Rc2 Qd7 18.Rfc1 Nc6 19.Be3 Rfc8 20.Bb5 Rc7 21.Rc3 Bd8 22.h4 Rac8
23.Qd2 Qe7 24.Bd3 Qf8 25.Bb1 Ba6 26.h5 Ne7 27.Rxc7 Bxc7 28.Rc3 Bb8 29.Qc2 f5
30.exf6 Qxf6 31.Rxc8+ Bxc8 32.Qh7+ Kf7 33.Ne5+ Bxe5 34.dxe5 Qxe5 35.Bxh6 Qe1+
36.Kh2 Qe5+ 37.Kg1  1/2-1/2

[Event "Amber Rapidplay"]
[Site "Monte Carlo"]
[Date "1999.03.18"]
[Round "3"]
[White "Piket, Jeroen"]
[Black "Karpov, Anatoly"]
[Result "0-1"]
[WhiteElo "2619"]
[BlackElo "2710"]

1.d4 Nf6 2.c4 e6 3.Nf3 b6 4.a3 Bb7 5.Nc3 d5 6.cxd5 Nxd5 7.Bd2 Nd7 8.Qc2 c5
9.Nxd5 exd5 10.dxc5 bxc5 11.e3 Be7 12.Bd3 g6 13.h4 Qb6 14.h5 Bf6 15.Kf1 Ba6
16.Bxa6 Qxa6+ 17.Kg1 O-O 18.Rd1 Rab8 19.hxg6 fxg6 20.Bc1 Qe6 21.Rh3 Rfd8
22.Rg3 Qe4 23.Qd2 Ne5 24.Qa5 Qc2 25.Rf1 Nd3 26.Ne1 Nxe1 27.Rxe1 Rd7 28.Qa6 Kg7
29.Qc6 Rbd8 30.Rf3 Rd6 31.Qc7+ R8d7 32.Qc8 Rf7 33.Rf1 c4 34.Qc5 Rfd7 35.Qc8 h5
36.Re1 Rf7 37.Qc5 Rdd7 38.Qb5 Qe4 39.Qc6 Rc7 40.Qa6 g5 41.Rf1 h4 42.a4 Be5
43.Rxf7+ Rxf7 44.f3 Qd3 45.Qe6 Bf6 46.f4 Qe4 47.Qxe4 dxe4 48.fxg5 Bxg5 49.Rd1 Bf6
50.Rd5 Rb7 51.Rc5 c3 52.b3 Rxb3 53.Kh2 Rb1 54.Ba3 Re1 55.Kh3 Rxe3+ 56.Kg4 Kg6
57.Rc6 Rg3+ 58.Kf4 Rxg2 59.Kxe4 h3 60.Kf3 Kf5 61.Rc5+ Be5 62.Ra5 Rd2 63.Rxa7 h2
64.Rh7 Rd1  0-1

[Event "Amber Blindfold"]
[Site "Monte Carlo"]
[Date "1999.03.19"]
[Round "4"]
[White "Lautier, Joel"]
[Black "Karpov, Anatoly"]
[Result "1-0"]
[WhiteElo "2596"]
[BlackElo "2710"]

1.d4 Nf6 2.c4 e6 3.Nf3 b6 4.a3 Bb7 5.Nc3 d5 6.cxd5 Nxd5 7.Qc2 Nxc3 8.bxc3 Nd7
9.e4 c5 10.Bf4 Be7 11.Bd3 Qc8 12.Qa4 a6 13.O-O b5 14.Qd1 Nb6 15.Ne5 O-O 16.Qh5 f6
17.Ng4 Na4 18.d5 c4 19.Bc2 Nxc3 20.Rfe1 Bc5 21.dxe6 g6 22.Qh3 Bd4 23.e7 Rf7
24.Nh6+ Kg7 25.Qg3 Ne2+ 26.Rxe2 Bxa1 27.e5 f5 28.Nxf7 Kxf7 29.Qh4 Qc6 30.Qxh7+ Ke8
31.Qg8+ Kxe7 32.Bg5+ Kd7 33.Rd2+ Kc7 34.Qf7+ Kb8 35.Rd8+ Bc8 36.e6 Ra7 37.e7 Rxe7
38.Qxe7 Qc7 39.Qe8 Kb7 40.Bd1  1-0

[Event "BL2-N9899"]
[Site "Germany"]
[Date "1999.03.21"]
[Round "8.4"]
[White "Schubert, Thomas"]
[Black "Apel, Stefan"]
[Result "1-0"]
[WhiteElo "2305"]
[BlackElo "2310"]

1.d4 Nf6 2.Nf3 e6 3.c4 b6 4.a3 Bb7 5.Nc3 d5 6.Bg5 Be7 7.cxd5 Nxd5 8.Bxe7 Qxe7
9.Rc1 O-O 10.Nxd5 Bxd5 11.e3 c5 12.dxc5 bxc5 13.Bc4 Rd8 14.Qe2 Nd7 15.O-O Rab8
16.e4 Ba8 17.Rc2 Nf6 18.Nd2 Qc7 19.f3 Qe5 20.Nb3 g5 21.Bb5 Rdc8 22.Rfc1 c4
23.Rxc4 Rxc4 24.Bxc4 g4 25.Qf2 gxf3 26.gxf3 Kh8 27.Rc2 Qh5 28.Nd2 Rg8+ 29.Kh1 Qg5
30.Bf1 Qf4 31.Bg2 Nh5 32.Nf1 Qh6 33.Qd4+ f6 34.Qd7 Nf4 35.Rc8 Qg6 36.Ng3 h5
37.Rxg8+ Qxg8 38.Qe7 Qg5  1-0

[Event "BL2-S9899"]
[Site "Germany"]
[Date "1999.03.21"]
[Round "8.1"]
[White "Kekelidze, Mikheil"]
[Black "Lentrodt, Thomas"]
[Result "1-0"]
[WhiteElo "2439"]
[BlackElo "2300"]

1.d4 Nf6 2.c4 e6 3.Nf3 b6 4.a3 Bb7 5.Nc3 Ne4 6.Nxe4 Bxe4 7.Nd2 Bb7 8.e4 d6
9.Bd3 c5 10.d5 e5 11.Bc2 Bc8 12.Ba4+ Bd7 13.b4 Qc7 14.O-O Be7 15.Bb2 O-O
16.Bc2 Bg5 17.Bd3 g6 18.Qe2 Bh6 19.Nb1 Bc8 20.Nc3 a6 21.Rab1 Nd7 22.Nd1 Qd8
23.Ne3 Nf6 24.bxc5 bxc5 25.Bc3 Nh5 26.g3 Bh3 27.Rfd1 Rb8 28.Rxb8 Qxb8 29.Nf5 Bxf5
30.exf5 Qb3 31.Qc2 Qxc2 32.Bxc2 Rb8 33.f4 exf4 34.g4 Ng7 35.Ba5  1-0

[Event "BL2-N9899"]
[Site "Germany"]
[Date "1999.03.21"]
[Round "8.3"]
[White "Pieniazek, Artur"]
[Black "Schilow, Wladimir"]
[Result "1/2-1/2"]
[WhiteElo "2400"]
[BlackElo "2335"]

1.d4 e6 2.c4 Nf6 3.Nf3 b6 4.a3 Bb7 5.Nc3 d5 6.Bg5 Be7 7.Qa4+ Bc6 8.Qc2 dxc4
9.e4 b5 10.Be2 O-O 11.O-O a6 12.a4 b4 13.Bxf6 Bxf6 14.e5 bxc3 15.exf6 Qxf6
16.Qxc3 Bd5 17.Ne5 Nc6 18.Nxc6  1/2-1/2

[Event "Bled op"]
[Site "Bled"]
[Date "1999.03.23"]
[Round "4"]
[White "Farago, Ivan"]
[Black "Podlesnik, Bogdan"]
[Result "1-0"]
[WhiteElo "2533"]
[BlackElo "2409"]

1.d4 Nf6 2.c4 e6 3.Nf3 b6 4.a3 Bb7 5.Nc3 d5 6.cxd5 Nxd5 7.Qc2 Nxc3 8.bxc3 c5
9.e4 Nc6 10.Bd3 Rc8 11.Qe2 cxd4 12.cxd4 Nxd4 13.Nxd4 Qxd4 14.Bb2 Qd8 15.O-O Qg5
16.h4 Qxh4 17.Bb5+ Bc6 18.Bxc6+ Rxc6 19.Qb5 Qxe4 20.Rac1 Kd7 21.Rfd1+ Bd6
22.Be5 Ke7 23.Bxd6+ Rxd6 24.Rc7+ Kd8 25.Rd7+  1-0

[Event "Amber Rapidplay"]
[Site "Monte Carlo"]
[Date "1999.03.26"]
[Round "9"]
[White "Lautier, Joel"]
[Black "Ljubojevic, Ljubomir"]
[Result "0-1"]
[WhiteElo "2596"]
[BlackElo "2571"]

1.d4 Nf6 2.c4 e6 3.Nf3 b6 4.a3 Bb7 5.Nc3 d5 6.Bg5 Be7 7.Qa4+ c6 8.Bxf6 Bxf6
9.cxd5 exd5 10.g3 O-O 11.Bg2 Qe7 12.O-O Rd8 13.Rad1 c5 14.e3 Nc6 15.Rfe1 g6
16.h4 Rac8 17.h5 Qf8 18.dxc5 Bxc3 19.bxc3 Qxc5 20.Qh4 Qe7 21.Qf4 Na5 22.Ne5 Nc4
23.Ng4 f5 24.Nh6+ Kg7 25.g4 Qf6 26.g5 Qe5 27.Rd4 Qxf4 28.exf4 Kf8 29.hxg6 hxg6
30.a4 Rd6 31.Red1 Rcd8 32.Bf1 Na5 33.R4d3 Re8 34.Bg2 Nc4 35.Rd4 Red8 36.Re1 Bc6
37.Ra1 Re8 38.Rad1 Red8 39.Ra1 Re8 40.Rad1 Bxa4 41.Ra1 b5 42.Rxd5 Rxd5 43.Bxd5 Nd6
44.c4 a6 45.cxb5 axb5 46.Ng8 Ne4 47.Rc1 Rd8 48.Bxe4 Kxg8 49.Bc6 Kf8 50.Rb1 Rb8
51.Rb4 Ke7 52.Bd5 Rd8 53.Bc6 Rb8 54.Bd5 Kd6 55.Bf7 Kc5 56.Rb1 Rb6 57.Rc1+ Kd4
58.Rb1 Bc2 59.Rc1 Kc3 60.Re1 b4 61.Re3+ Kd2 62.Re8 b3 63.Rd8+ Kc1 64.Bxb3 Bxb3
65.Kg2 Kc2 66.Kg3 Kc3 67.Rd7 Re6 68.Rd8 Bc4 69.Rd7 Kb4 70.Rc7 Rd6 71.Rc8 Kc3
72.Rc7 Kd4 73.Re7 Bd5 74.Re1 Be4 75.Ra1 Rb6 76.Ra3 Bd5 77.Ra4+ Kc5 78.Ra5+ Kd6
79.f3 Rb3 80.Kh4 Bc6 81.Ra6 Kc5 82.Ra5+ Kd4 83.Ra6 Rc3 84.Rb6 Bxf3 85.Re6 Rc6
86.Rf6 Ke3  0-1

[Event "Bled op"]
[Site "Bled"]
[Date "1999.03.27"]
[Round "8"]
[White "Cebalo, Miso"]
[Black "Gustafsson, Jan"]
[Result "1/2-1/2"]
[WhiteElo "2511"]
[BlackElo "2416"]

1.d4 Nf6 2.c4 e6 3.Nf3 b6 4.a3 c5 5.d5 Ba6 6.Qc2 exd5 7.cxd5 g6 8.Nc3 Bg7
9.g3 O-O 10.Bg2 d6 11.O-O Re8 12.Re1 Nbd7 13.h3 b5 14.Bf4 Nb6 15.e4 Qd7 16.Bf1 Nh5
17.Bc1 b4 18.Bxa6 bxc3 19.Kg2 Qa4 20.Qxa4 Nxa4 21.b3 Nb2 22.Bxb2 cxb2 23.Rab1 Rab8
24.Bc4 Rb7 25.a4 h6 26.Kf1 Rbe7 27.Bb5 Rb8 28.e5 dxe5 29.Rxb2 Rd8 30.Bc4 e4
31.Rbe2 Nf6 32.Nd2 Nxd5 33.Nxe4 Bd4 34.Rd1 Kg7 35.Nxc5 Bxc5 36.Bxd5 Rxe2
37.Kxe2 a5 38.Rd3 Re8+ 39.Kf1 Rd8 40.f4 Bb4 41.Ke2 Rd7 42.Ke3 Bc5+ 43.Ke4 Re7+
44.Kf3 Rd7 45.g4 Rd8 46.h4 Rd7 47.g5 hxg5 48.fxg5 Rd8 49.Kg4 Bb4 50.h5 gxh5+
51.Kxh5 Rd6 52.Kg4 Rd7 53.Kf5 Bc5 54.Rd1 Ba3 55.Ke4 Bb4 56.Rf1 Re7+ 57.Kf5 Bd6
58.Kg4 Bb4 59.Bc4 Bc3 60.Rf3 Bb4 61.Rf6 Bc3 62.Ra6 Bd2 63.Kf5 Bc3 64.Rc6 Re5+
65.Kf4 Re7 66.Bd5 Bd2+ 67.Kf5 Re1 68.Bc4 Bb4 69.Rb6 Kf8 70.Rf6 Re7 71.g6 Bc3
72.Rc6 fxg6+ 73.Kxg6 Re3 74.Kf5 Ke7 75.Bb5 Bb4 76.Bc4 Bc3 77.Bg8 Kd7 78.Rc4 Bb4
79.Kf4 Re1 80.Bd5 Kd6 81.Be4 Bc5 82.Rc3 Bb4 83.Rc6+ Kd7 84.Ra6 Rd1 85.Kf5 Kc7
86.Ke5 Bc3+ 87.Ke6 Bb4 88.Ra7+ Kb8 89.Rh7 Rd6+ 90.Ke5 Rd2 91.Bd5 Re2+ 92.Kd4 Rc2
93.Bc4 Rg2 94.Bd3 Rg3 95.Rf7 Kc8 96.Bf5+ Kd8 97.Be6 Rc3 98.Bc4 Rg3 99.Bd3 Kc8
100.Kc4 Re3 101.Rh7 Kd8 102.Kd4 Re7 103.Rh8+ Kc7 104.Be4 Be1 105.Ra8 Kb6
106.Rb8+ Kc7 107.Rb7+ Kd6 108.Rb6+ Kc7 109.Ra6 Bb4 110.Kd5 Kb7 111.Rg6 Ka7
112.Kd4 Rd7+ 113.Bd5 Re7 114.Kc4 Rc7+ 115.Bc6 Kb6 116.Kd5 Re7 117.Bd7+ Kc7
118.Be6 Kb6 119.Rg8 Kb7 120.Rg4 Kb6  1/2-1/2

[Event "Gelsenkirchen op"]
[Site "Gelsenkirchen"]
[Date "1999.03.28"]
[Round "?"]
[White "Grooten, Herman"]
[Black "Dydyshko, Viacheslav"]
[Result "1-0"]
[WhiteElo "2405"]
[BlackElo "2497"]

1.d4 Nf6 2.c4 e6 3.Nf3 b6 4.a3 Bb7 5.Nc3 g6 6.d5 Bg7 7.g3 Na6 8.Bg2 Nc5 9.Nd2 O-O
10.Rb1 c6 11.b4 Na6 12.Nde4 cxd5 13.Nd6 Qb8 14.Nxb7 Qxb7 15.cxd5 Nc7 16.e4 Nfxd5
17.Nxd5 exd5 18.exd5 Qa6 19.Rb3 Rfe8+ 20.Be3 Rac8 21.Qd3 Nb5 22.O-O Qa4 23.Bf3 Rc3
24.Rxc3 Nxc3 25.Bc1 Qb3 26.Kg2 b5 27.d6 a6 28.h4 h5 29.Bg5 Qxa3 30.Bc6 Qxb4
31.Bxd7 Rb8 32.Re1 Nd5 33.Re6 Kh7 34.Qxd5 fxe6 35.Qxe6 Rf8 36.Be7 Rg8 37.Bc6 Qa5
38.Be4 Bd4 39.Qf7+ Rg7 40.Bxg6+  1-0

[Event "Neckar op 3rd"]
[Site "Deizisau"]
[Date "1999.04.01"]
[Round "1"]
[White "Kill, Matthias"]
[Black "Gustafsson, Jan"]
[Result "0-1"]
[WhiteElo "2071"]
[BlackElo "2416"]

1.d4 Nf6 2.Nf3 e6 3.c4 b6 4.a3 c5 5.dxc5 Bxc5 6.Nc3 O-O 7.e3 Bb7 8.Be2 Be7
9.O-O d6 10.b3 a6 11.Bb2 Nbd7 12.Nd4 Qc7 13.Rc1 Rac8 14.Rc2 Rfd8 15.Bf3 Bf8
16.Bxb7 Qxb7 17.Qe2 Ne5 18.e4 Ned7 19.Bc1 Re8 20.f3 g6 21.b4 Bg7 22.b5 Nd5
23.Nxd5 exd5 24.Nc6 dxc4 25.Qxc4 Ne5 26.Ne7+ Qxe7 27.Qxc8 Nxf3+ 28.Rxf3 Bd4+
29.Kf1 Qxe4 30.Qxe8+ Qxe8 31.bxa6 Qa4 32.Re2 Qxa6 33.Be3 Be5 34.Kf2 Kg7 35.g3 h5
36.Rc2 d5 37.Bf4 Bf6 38.Rc7 b5 39.h4 Qe6 40.Kg2 d4 41.Bg5 Bxg5 42.hxg5 d3
43.Rf6 Qd5+ 44.Kf2 d2 45.Rcxf7+ Qxf7 46.Rxf7+ Kxf7 47.Ke2 Ke6 48.Kxd2 Kf5  0-1

[Event "Dreifluesse op 7th"]
[Site "Passau"]
[Date "1999.04.03"]
[Round "2"]
[White "Rabe, Thomas"]
[Black "Krenn, Dan Philipp"]
[Result "1/2-1/2"]
[WhiteElo "1890"]
[BlackElo "1602"]

1.c4 e6 2.d4 Nf6 3.Nf3 b6 4.a3 Bb7 5.Nc3 d5 6.Bg5 Be7 7.e3 O-O 8.Rc1 Nbd7
9.Bd3 c5 10.O-O Rc8 11.cxd5 Nxd5 12.Bxe7 Qxe7 13.Nxd5 Bxd5 14.dxc5 Nxc5 15.Bb1 Rfd8
16.Qe2 Qb7 17.Nh4  1/2-1/2

[Event "Budapest FS04 GM"]
[Site "Budapest"]
[Date "1999.04.10"]
[Round "8"]
[White "Riazantsev, Alexander"]
[Black "Roeder, Mathias"]
[Result "1/2-1/2"]
[WhiteElo "2387"]
[BlackElo "2448"]

1.d4 Nf6 2.Nf3 e6 3.c4 b6 4.a3 Bb7 5.Nc3 d5 6.Bg5 dxc4 7.e3 Be7 8.Bxc4 Nbd7
9.O-O O-O 10.Qe2 Ne4 11.Nxe4 Bxe4 12.Bxe7 Qxe7 13.Rfd1 c5  1/2-1/2

[Event "Golden Cleopatra op 3rd"]
[Site "Cairo"]
[Date "1999.04.12"]
[Round "2"]
[White "Ahmed, Ehab"]
[Black "Ahmed, Esam Aly"]
[Result "0-1"]
[WhiteElo "2255"]
[BlackElo "2337"]

1.d4 Nf6 2.c4 e6 3.Nf3 b6 4.a3 c5 5.d5 b5 6.Nc3 a6 7.Bg5 Bb7 8.e4 b4 9.axb4 cxb4
10.Na4 d6 11.Bd3 e5 12.c5 dxc5 13.Nxe5 Be7 14.Be3 O-O 15.O-O Re8 16.Nc4 Nbd7
17.f3 Bf8 18.Qd2 a5 19.Rac1 Ba6 20.Qf2 Qc7 21.b3 Bxc4 22.Bxc4 Rec8 23.Rfd1 Bd6
24.g3 h5 25.Be2 h4 26.g4 Bf4 27.Bxf4 Qxf4 28.Qxh4 Qe3+ 29.Qf2 Qxb3 30.Ra1 Qc2
31.Qe3 c4 32.g5 Nh5 33.Kf1 Qb3 34.Qd2 Ne5 35.Kg2 c3 36.Qe3 Qc2 37.Kg1 Re8
38.d6 Nf4 39.Bf1 Ne6 40.h4 Rad8 41.Rd5 Ng6 42.h5 Ngf4 43.Rf5 Rxd6 44.Rxf4 Nxf4
45.Qxf4 Qd2 46.Qf5 g6 47.Qb5 Qe3+ 48.Kg2 Rd2+ 49.Kg3 Qg1+ 50.Kf4 Qh2+ 51.Ke3 Qf2+
52.Kf4 Rxe4+  0-1

[Event "Budapest FS04 GM"]
[Site "Budapest"]
[Date "1999.04.14"]
[Round "12"]
[White "Riazantsev, Alexander"]
[Black "Hoffmann, Michael"]
[Result "0-1"]
[WhiteElo "2387"]
[BlackElo "2407"]

1.d4 Nf6 2.Nf3 e6 3.c4 b6 4.a3 Ba6 5.Qc2 Bb7 6.e3 c5 7.dxc5 Bxc5 8.Be2 O-O
9.O-O Be7 10.Nc3 d6 11.b3 Nbd7 12.Bb2 a6 13.Rfd1 Rc8 14.Rac1 Rc7 15.Ne1 Qb8
16.Bf3 Rfc8 17.Qb1 b5 18.cxb5 axb5 19.Bxb7 Qxb7 20.Nd3 d5 21.Ne2 Ra8 22.Rxc7 Qxc7
23.Nd4 Qb7 24.b4 Ne4 25.Nb3 Nb6 26.f3 Nd6 27.Ndc5 Qc7 28.Qa1 Bf8 29.Nd4 Nbc4
30.Bc1 g6 31.Qc3 Bg7 32.Qd3 Qa7 33.Ndxe6 fxe6 34.Nxe6 Re8 35.Nxg7 Kxg7 36.Qxd5 Nxe3
37.Bb2+ Kh6 38.Qd2 Nc4 39.Bd4 Nxd2 40.Bxa7  0-1

[Event "Golden Cleopatra op 3rd"]
[Site "Cairo"]
[Date "1999.04.14"]
[Round "4"]
[White "Ahmed, Ehab"]
[Black "Himdan, Maher"]
[Result "1-0"]
[WhiteElo "2255"]
[BlackElo "2395"]

1.d4 Nf6 2.c4 e6 3.Nf3 b6 4.a3 Bb7 5.Nc3 Be7 6.d5 O-O 7.e4 a5 8.Bd3 Na6 9.O-O Nc5
10.Bc2 d6 11.Rb1 e5 12.b4 axb4 13.axb4 Ncd7 14.Bd2 Ne8 15.Ra1 g6 16.Rxa8 Qxa8
17.Qa1 Ng7 18.Ba4 Qd8 19.Bc6 Bc8 20.Qa7 f5 21.exf5 gxf5 22.Nb5 e4 23.Nfd4 Ne5
24.Bh6 Bf6 25.Qxc7 Nxc4 26.Qxd8 Rxd8 27.Ra1 Nb2 28.Ra7 Nd3 29.Bxg7 Bxg7 30.Ne6 Bxe6
31.dxe6 Nxb4 32.e7 Nxc6 33.exd8=Q+ Nxd8 34.Nxd6 Bf8 35.Nxf5 b5 36.Ne7+ Kh8
37.Nd5 Nc6 38.Rc7 Nd8 39.Rc8 Ne6 40.Nf4  1-0

[Event "ISR-chT"]
[Site "Israel"]
[Date "1999.04.16"]
[Round "8"]
[White "Gofshtein, Leonid D"]
[Black "Postny, E."]
[Result "1-0"]
[WhiteElo "2517"]
[BlackElo "2360"]

1.d4 Nf6 2.c4 e6 3.Nf3 b6 4.a3 Bb7 5.Nc3 d5 6.cxd5 Nxd5 7.e3 Be7 8.Bb5+ c6
9.Bd3 O-O 10.Qc2 h6 11.O-O Nd7 12.Rd1 Qc8 13.Qe2 c5 14.e4 Nxc3 15.bxc3 Rd8
16.Bf4 Nf8 17.h4 Bd6 18.Be3 Qc7 19.e5 Be7 20.Nh2 Qc6 21.Nf3 Rac8 22.h5 cxd4
23.cxd4 Qd5 24.Ne1 Kh8 25.Qg4 Rc3 26.a4 Qd7 27.a5 b5 28.Be2 Ra3 29.Rab1 Rxa5
30.Nd3 a6 31.Nc5 Bxc5 32.dxc5 Bd5 33.c6 Qc7 34.Rb4 Bxc6 35.Rc1 Rc8  1-0

[Event "Budapest FS05 IM"]
[Site "Budapest"]
[Date "1999.05.01"]
[Round "1"]
[White "Olszewski, Piotr"]
[Black "Hera, Imre Jr"]
[Result "1-0"]
[WhiteElo "2349"]
[BlackElo "2272"]

1.d4 Nf6 2.c4 e6 3.Nf3 b6 4.a3 Bb7 5.Nc3 d5 6.cxd5 Nxd5 7.e3 Be7 8.Bb5+ c6
9.Bd3 O-O 10.Ne2 Nd7 11.e4 N5f6 12.e5 Nd5 13.h4 c5 14.Qc2 h6 15.Rh3 cxd4
16.Bxh6 gxh6 17.Rg3+ Kh8 18.Qd2 Ne3 19.Nexd4 Nxe5 20.Qxe3 Nxd3+ 21.Kf1 Kh7
22.Qxd3+ Kh8 23.Qd2 Kh7 24.Qc2+ Kh8 25.Nxe6 Qc8 26.Nc7 Bd6 27.Qc3+ f6 28.Nxa8 Qxc3
29.bxc3 Bxg3 30.Nxb6 Bd6 31.Na4 Rc8 32.Nd4 Ba6+ 33.Kg1 Rc4 34.Nb2 Rxc3 35.Nf5 Bxa3
36.Nd1 Rd3 37.Nde3 Bc8 38.Nxh6 Rc3 39.Kh2 Bd6+ 40.g3 Rxe3 41.Nf7+ Kg7 42.Nxd6 Rc3
43.Rxa7+ Kg6 44.Nxc8 Rxc8 45.g4 Rc3 46.Kg2 Rb3 47.f3 Rb2+ 48.Kg3 Rb3 49.h5+ Kh6
50.Rf7 Rb6 51.Kf4 Rb4+ 52.Kf5 Rb3 53.Rxf6+ Kg7 54.Kg5 Rb5+ 55.Rf5 Rb6 56.f4 Ra6
57.Rb5 Ra7 58.f5 Kh7 59.Re5 Kg7 60.f6+ Kf7 61.Re7+ Rxe7 62.fxe7 Kxe7  1-0

[Event "IND-ROW m"]
[Site "Bali"]
[Date "1999.05.02"]
[Round "1"]
[White "Juswanto, Denny"]
[Black "Van den Doel, Erik"]
[Result "1/2-1/2"]
[WhiteElo "2465"]
[BlackElo "2535"]

1.d4 Nf6 2.Nf3 e6 3.c4 b6 4.a3 Bb7 5.Nc3 d5 6.Bg5 Be7 7.e3 O-O 8.Rc1 c5 9.cxd5 cxd4
10.Bxf6 Bxf6 11.exd4 Bxd5 12.Nxd5 Qxd5 13.Qc2 Qa5+ 14.Qd2 Nd7 15.Qxa5 bxa5
16.Bd3 Rfd8 17.Ke2 Rab8 18.Rc2 e5 19.dxe5 Nxe5 20.Nxe5 Bxe5 21.a4 Rb4 22.Rd1 g6
23.b3 Rxb3 24.g3 Kg7 25.Bc4  1/2-1/2

[Event "Capablanca mem Premier I"]
[Site "Havana"]
[Date "1999.05.09"]
[Round "3"]
[White "Matamoros Franco, Carlos S"]
[Black "Roeder, Mathias"]
[Result "1/2-1/2"]
[WhiteElo "2458"]
[BlackElo "2448"]

1.d4 Nf6 2.c4 e6 3.Nf3 b6 4.a3 Bb7 5.Nc3 d5 6.cxd5 Nxd5 7.e3 g6 8.Bb5+ c6
9.Bc4 Bg7 10.O-O O-O 11.e4 Nxc3 12.bxc3 c5 13.Bg5 Qd6 14.Qd3 Nc6 15.e5 Qd7
16.Rfd1 h6 17.Bf6 Na5 18.Ba2 Bxf6 19.exf6 Qd8 20.Ne5 Qxf6 21.Qh3 Qf4  1/2-1/2

[Event "Capablanca mem Premier I"]
[Site "Havana"]
[Date "1999.05.14"]
[Round "7"]
[White "Matamoros Franco, Carlos S"]
[Black "Podgaets, Mikhail"]
[Result "1/2-1/2"]
[WhiteElo "2458"]
[BlackElo "2484"]

1.d4 Nf6 2.c4 e6 3.Nf3 b6 4.a3 Bb7 5.Nc3 d5 6.Bg5 Be7 7.Qa4+ Bc6 8.Qc2 dxc4
9.e3 b5 10.Bxf6 Bxf6 11.a4 a6 12.axb5 axb5 13.Rxa8 Bxa8 14.Nxb5 c5 15.Qa4 Bxf3
16.gxf3 cxd4  1/2-1/2

[Event "Zalakaros Kupa 18th"]
[Site "Zalakaros"]
[Date "1999.05.14"]
[Round "3"]
[White "Horvath, Gyula"]
[Black "Cioara, Andrei Nestor"]
[Result "1-0"]
[WhiteElo "2466"]
[BlackElo "2398"]

1.d4 Nf6 2.c4 e6 3.Nf3 b6 4.a3 Bb7 5.Nc3 d5 6.cxd5 Nxd5 7.Qc2 Nxc3 8.Qxc3 h6
9.Bf4 Bd6 10.Bg3 O-O 11.e3 Nd7 12.Be2 Rc8 13.O-O Bxg3 14.hxg3 c5 15.Rfd1 Qe7
16.Rac1 Rfd8 17.Qb3 cxd4 18.Nxd4 Nc5 19.Qb4 Kf8 20.Nb5 Rxd1+ 21.Rxd1 Ne4
22.Nxa7 Ra8 23.Qxb6 Bd5 24.Nc6 Qf6 25.Bf3 Kg8 26.Qb7 Re8 27.Bxe4 Bxe4 28.Ne7+ Rxe7
29.Qxe4 g6 30.Qd4  1-0

[Event "Curitiba"]
[Site "Curitiba"]
[Date "1999.05.16"]
[Round "1"]
[White "Matsuura, Everaldo"]
[Black "Miranda, Marcio MC"]
[Result "1-0"]
[WhiteElo "2380"]
[BlackElo "2285"]

1.d4 Nf6 2.Nf3 e6 3.c4 b6 4.a3 Bb7 5.Nc3 d5 6.cxd5 Nxd5 7.e3 g6 8.Bb5+ c6
9.Bd3 Nxc3 10.bxc3 Bg7 11.a4 O-O 12.O-O Nd7 13.e4 e5 14.a5 exd4 15.a6 Bc8
16.cxd4 c5 17.Bc4 b5 18.Bd5 Rb8 19.Bf4 Rb6 20.dxc5 Nxc5 21.Be3 Rxa6 22.Rxa6 Nxa6
23.Qb3 Qe7 24.Rc1 Be6 25.Qxb5 Bxd5 26.exd5 Qa3 27.h4 Nb4 28.Rc4 a5 29.d6 Qd3
30.d7 Bf6 31.Bg5 Qd1+ 32.Kh2 Bxg5 33.hxg5 Qd6+ 34.g3 Qe6 35.Ne5 Kg7 36.Qc5 Rd8
37.Rf4 Rxd7 38.Nxd7 Qxd7 39.Qxa5 Nc6 40.Qc3+ Kg8 41.Qf6 Qe6 42.Qxe6 fxe6
43.Rf6 Nd8 44.f4 Kg7 45.Kg2 h6 46.Kf3 hxg5 47.fxg5 Nf7 48.Kf4 e5+ 49.Kg4 Kg8
50.Rxg6+ Kf8 51.Kf5  1-0

[Event "NOR-chT"]
[Site "Langesund"]
[Date "1999.05.16"]
[Round "7"]
[White "Nordahl, Helge"]
[Black "Andersen, Oivind"]
[Result "1-0"]
[WhiteElo "2247"]
[BlackElo "2205"]

1.d4 Nf6 2.c4 e6 3.Nf3 b6 4.a3 c5 5.d5 Ba6 6.Qc2 exd5 7.cxd5 Bb7 8.e4 Qe7
9.Bd3 Nxd5 10.O-O Nc7 11.Nc3 Nc6 12.Bf4 Ne6 13.Bg3 Ncd4 14.Nxd4 Nxd4 15.Qd1 Qe6
16.Nd5 Bd6 17.Bc4 Bxg3 18.fxg3 Qe5 19.Qg4 Ne6 20.Rad1 O-O-O 21.b4 h5 22.Qe2 Nd4
23.Qd3 f5 24.bxc5 bxc5 25.Ba6 fxe4 26.Qc4 Nc6 27.Qb5 Qb8 28.Rb1  1-0

[Event "VCN SchaakFestival"]
[Site "Soest"]
[Date "1999.05.16"]
[Round "7"]
[White "Reed, James"]
[Black "Wu Sai Wing"]
[Result "1-0"]
[WhiteElo "1875"]
[BlackElo "1803"]

1.d4 e6 2.Nf3 Nf6 3.c4 b6 4.a3 Bb7 5.Nc3 d5 6.Qc2 Nbd7 7.cxd5 Nxd5 8.Bg5 Be7
9.Bxe7 Nxe7 10.e4 c6 11.Bc4 O-O 12.h4 b5 13.Bd3 a6 14.b4 e5 15.dxe5 Ng6 16.e6 fxe6
17.e5 Rxf3 18.gxf3 Ndxe5 19.Be4 Qf6 20.O-O-O Nf8 21.Bd3 Nxf3 22.Kb2 Nd4 23.Qd2 e5
24.Bb1 c5 25.Ne4 Bxe4 26.Bxe4 Qf7 27.Rh3 Rc8 28.bxc5 Rxc5 29.f4 Nfe6 30.fxe5 Qc7
31.Rc3 Qxe5 32.Rxc5 Qxc5 33.Qd3 g6 34.Qc3 Qh5 35.Rxd4  1-0

[Event "Zalakaros Kupa 18th"]
[Site "Zalakaros"]
[Date "1999.05.16"]
[Round "5"]
[White "Farago, Ivan"]
[Black "Cioara, Andrei Nestor"]
[Result "0-1"]
[WhiteElo "2533"]
[BlackElo "2398"]

1.d4 Nf6 2.c4 e6 3.Nf3 b6 4.a3 Bb7 5.Nc3 d5 6.cxd5 Nxd5 7.Qc2 Nxc3 8.bxc3 Be7
9.e4 Nd7 10.Bd3 c5 11.O-O Qc7 12.Qe2 O-O 13.Bb2 Rac8 14.Rad1 Rfd8 15.Rfe1 e5
16.Bb5 Bf6 17.d5 c4 18.Nd2 Nc5 19.Bxc4 Na4 20.Ba1 Qc5 21.Ba6 Bxa6 22.Qxa6 Qxa3
23.Qxa7 Ra8 24.Qb7 Rdc8 25.Nc4 Qc5 26.Ne3 Bg5 27.d6 Bxe3 28.Rxe3 Rcb8 29.Qe7 Re8
30.Qh4 Qc6 31.c4 Nc5 32.h3 f6 33.f4 exf4 34.Qxf4 Rxe4 35.Rxe4 Qxe4 36.Qg3 Rxa1
37.Rxa1 Qd4+ 38.Kh2 Qxa1  0-1

[Event "Tel Aviv super 1st"]
[Site "Tel Aviv "]
[Date "1999.05.19"]
[Round "9"]
[White "Gelfand, Boris"]
[Black "Psakhis, Lev"]
[Result "1/2-1/2"]
[WhiteElo "2691"]
[BlackElo "2564"]

1.d4 Nf6 2.c4 e6 3.Nf3 b6 4.a3 Bb7 5.Nc3 d5 6.cxd5 Nxd5 7.Qc2 Be7 8.e4 Nxc3
9.bxc3 O-O 10.Bd3 c5 11.O-O Qc8 12.Qa2 Nd7 13.Qe2 Qc7 14.h4 e5 15.d5 c4 16.Bc2  1/2-1/2

[Event "Ostrava zt (Women)"]
[Site "Ostrava"]
[Date "1999.05.26"]
[Round "5"]
[White "Saljova, Silvie"]
[Black "Goczo, Melinda"]
[Result "1/2-1/2"]
[WhiteElo "2212"]
[BlackElo "2191"]

1.d4 Nf6 2.Nf3 e6 3.c4 b6 4.a3 Bb7 5.Nc3 d5 6.Bg5 Be7 7.Qa4+ Bc6 8.Qb3 O-O
9.e3 Nbd7 10.Rd1 Rb8 11.Bxf6 Nxf6 12.Ne5 Bb7 13.Qa4 Ra8 14.Nc6 Qe8 15.cxd5 Bd6
16.Rc1 exd5 17.Nb4 c6 18.Be2 a5 19.Nd3 Qe7 20.Qb3 Rfb8 21.Na4 Nd7 22.Bf3 b5
23.Nac5 Nb6 24.Nxb7 Qxb7 25.Nc5 Qe7 26.Nd3 Nc4 27.Qc2  1/2-1/2